000 00873nam a2200229 i 4500
001 bg
245 0 _aPM1 poradnik w zakresie zarządzania i sterowania jakością dla menedżerów /
_coprac. Centrum Szkoleniowo-Edukacyjne dla Zagranicy, Ośrodek Sterowania Jakością firmy Matsushita Corp. ; [tł. i adapt. Władysław Roman Pawlak].
260 _aWarszawa :
_b"Forum Media",
_c2003.
300 _a74 s. ;
_c24 cm.
650 9 _aZarządzanie jakością
_xporadnik
650 9 _aSterowanie
_xgospodarka
655 _aPoradniki
700 1 _aPAWLAK, Władysław Roman.
_eTł.
710 0 _aMatsushita
_bCentrum Szkoleniowo-Edukacyjne dla Zagranicy
_bOśrodek Sterowania Jakością
020 _a8387287644
040 _cBPK
041 1 _apol
_hjpn
080 _a658.56(083.1)
920 _a83-87287-64-4
942 _cKS
008 s pl f |000 0 pol
999 _c42754
_d42754
856 _uhttp://koha.tu.koszalin.pl/cgi-bin/koha/opac-detail.pl?biblionumber=42754
_yKatalog online BPK